[Event "IECG CP.2009.P.00009 email"]
[Site "IECG email"]
[Date "2009.10.01"]
[Round "?"]
[White "Rogers, Henry"]
[Black "Novacic, Goran"]
[Result "0-1"]
[WhiteElo "829"]
[BlackElo "1500"]
[PlyCount "60"]
[EventDate "2009.10.01"]
[EventType "tourn (corr)"]
[EventRounds "6"]
[EventCountry "ARG"]
[SourceTitle "Corr 2024"]
[Source "ChessBase"]
[SourceDate "2023.10.19"]
[SourceVersion "1"]
[SourceVersionDate "2023.10.19"]
[SourceQuality "1"]

1. e4 c5 2. Bc4 e6 3. Nf3 Nc6 4. d3 Nf6 5. Bg5 d5 6. exd5 exd5 7. Bxf6 gxf6 8. Qe2+ Be6 9. Bb3 Qd7 10. Nbd2 0-0-0 11. 0-0-0 Rg8 12. Rhg1 Re8 13. Rde1 Bh6 14. Qd1 Na5 15. c3 Nxb3+ 16. Qxb3 Bf5 17. Qa3 Qb5 18. Rxe8+ Rxe8 19. g4 Bxd3 20. Qxa7 Re6 21. Qa8+ Kc7 22. g5 Ra6 23. Qg8 Rxa2 24. Qxf7+ Kb6 25. Qxf6+ Ka7 26. c4 Qb4 27. Nb3 dxc4 28. Rg4 Qxb3 29. Qc3 Qxc3+ 30. bxc3 Bg7 0-1

[Event "IECG CP.2009.P.00009 email"]
[Site "IECG email"]
[Date "2009.10.01"]
[Round "?"]
[White "Rogers, Henry"]
[Black "Ushakov, Vjacheslav A"]
[Result "1-0"]
[WhiteElo "829"]
[BlackElo "692"]
[PlyCount "115"]
[EventDate "2009.10.01"]
[EventType "tourn (corr)"]
[EventRounds "6"]
[EventCountry "ARG"]
[SourceTitle "Corr 2024"]
[Source "ChessBase"]
[SourceDate "2023.10.19"]
[SourceVersion "1"]
[SourceVersionDate "2023.10.19"]
[SourceQuality "1"]

1. e4 Nf6 2. Nc3 Nc6 3. d4 d5 4. e5 Nd7 5. Nxd5 Ndb8 6. Nc3 Qxd4 7. Qxd4 Nxd4 8. Bd3 Nbc6 9. Be3 Bf5 10. Bxf5 Nxf5 11. 0-0-0 Nxe3 12. fxe3 e6 13. Nb5 Rc8 14. Nf3 Bc5 15. Rhe1 Rd8 16. Nxc7+ Ke7 17. Nb5 Rxd1+ 18. Kxd1 Rd8+ 19. Ke2 a6 20. Nbd4 Bxd4 21. exd4 Nxd4+ 22. Nxd4 Rxd4 23. Kf3 b5 24. Re4 Rd2 25. Re2 Rd5 26. c3 f5 27. h4 Rd1 28. Rc2 Rf1+ 29. Rf2 Ra1 30. a3 Rh1 31. g3 a5 32. Rd2 h5 33. Kf2 a4 34. Ke3 Re1+ 35. Re2 Rg1 36. Kf4 g6 37. Rc2 Kf7 38. c4 Rf1+ 39. Kg5 f4 40. g4 bxc4 41. gxh5 gxh5 42. Rxc4 f3 43. Rxa4 f2 44. Rf4+ Ke7 45. Kxh5 Kd7 46. Rd4+ Kc6 47. Rd2 Kc5 48. b3 Kb5 49. Rc2 Ka5 50. Kh6 Kb5 51. h5 Ka5 52. Ra2 Kb5 53. a4+ Ka5 54. b4+ Kxb4 55. a5 Re1 56. Rxf2 Rxe5 57. Kg6 Rxa5 58. h6 1-0

[Event "IECG CP.2009.P.00009 email"]
[Site "IECG email"]
[Date "2009.10.01"]
[Round "?"]
[White "Silguero, Dante"]
[Black "Rogers, Henry"]
[Result "0-1"]
[WhiteElo "1950"]
[BlackElo "829"]
[PlyCount "62"]
[EventDate "2009.10.01"]
[EventType "tourn (corr)"]
[EventRounds "6"]
[EventCountry "ARG"]
[SourceTitle "Corr 2024"]
[Source "ChessBase"]
[SourceDate "2023.10.19"]
[SourceVersion "1"]
[SourceVersionDate "2023.10.19"]
[SourceQuality "1"]

1. d4 d5 2. c4 Nf6 3. cxd5 Nxd5 4. Nf3 Bf5 5. Qb3 Nb6 6. Nc3 Be6 7. Qd1 Bc4 8. g3 e6 9. Bg2 Bb4 10. 0-0 0-0 11. Ne5 Bd5 12. Nxd5 Nxd5 13. a3 Bd6 14. Nc4 Be7 15. b4 Nc6 16. Bb2 a5 17. b5 Na7 18. Nxa5 b6 19. Nc6 Nxc6 20. bxc6 f5 21. e4 fxe4 22. Bxe4 Qe8 23. Qc2 Qh5 24. Rfe1 Bd6 25. Qd3 Rxf2 26. Bxh7+ Kh8 27. Kxf2 Qxh2+ 28. Kf3 Rf8+ 29. Kg4 Nf6+ 30. Kf3 Ne4+ 31. Kxe4 Rf4+ 0-1

[Event "IECG CP.2009.P.00009 email"]
[Site "IECG email"]
[Date "2009.10.01"]
[Round "?"]
[White "Wolff, Christoph"]
[Black "Rogers, Henry"]
[Result "1-0"]
[WhiteElo "2112"]
[BlackElo "829"]
[PlyCount "57"]
[EventDate "2009.10.01"]
[EventType "tourn (corr)"]
[EventRounds "6"]
[EventCountry "ARG"]
[SourceTitle "Corr 2024"]
[Source "ChessBase"]
[SourceDate "2023.10.19"]
[SourceVersion "1"]
[SourceVersionDate "2023.10.19"]
[SourceQuality "1"]

1. e4 e5 2. Nc3 Nf6 3. g3 Bc5 4. Bg2 0-0 5. Nge2 Ng4 6. 0-0 Nc6 7. h3 Nf6 8. d3 h6 9. Kh2 a6 10. f4 d6 11. f5 Nd4 12. Nxd4 Bxd4 13. Ne2 Bb6 14. c4 Bd7 15. Bd2 a5 16. g4 Nh7 17. Qe1 a4 18. h4 a3 19. b3 Qe8 20. g5 h5 21. Qg3 g6 22. Qf3 Bc5 23. Ng3 f6 24. fxg6 Bg4 25. gxh7+ Kxh7 26. Qxf6 Rxf6 27. Rxf6 c6 28. g6+ Kg7 29. Raf1 1-0

[Event "IECG CP.2008.P.00018 email"]
[Site "IECG email"]
[Date "2008.10.01"]
[Round "?"]
[White "Shutov, Andry"]
[Black "Rogers, Henry"]
[Result "1-0"]
[WhiteElo "1924"]
[BlackElo "780"]
[PlyCount "31"]
[EventDate "2008.10.01"]
[EventType "tourn (corr)"]
[EventRounds "6"]
[EventCountry "ARG"]
[SourceTitle "Corr 2024"]
[Source "ChessBase"]
[SourceDate "2023.10.19"]
[SourceVersion "1"]
[SourceVersionDate "2023.10.19"]
[SourceQuality "1"]

1. e4 e5 2. f4 exf4 3. Nf3 Nf6 4. e5 Nd5 5. c4 Nb6 6. d4 g5 7. c5 Nd5 8. Bc4 c6 9. h4 Be7 10. hxg5 b6 11. Qc2 Ne3 12. Bxf7+ Kxf7 13. Rxh7+ Rxh7 14. Qxh7+ Ke8 15. Qh5+ Kf8 16. e6 1-0

[Event "IECG TE.2008.P.02522 email"]
[Site "IECG email"]
[Date "2008.03.14"]
[Round "1"]
[White "Pech Sr, Jaroslav"]
[Black "Rogers, Henry"]
[Result "0-1"]
[WhiteElo "1961"]
[BlackElo "774"]
[PlyCount "46"]
[EventDate "2008.03.15"]
[EventType "tourn (corr)"]
[EventRounds "12"]
[SourceTitle "Corr 2024"]
[Source "ChessBase"]
[SourceDate "2023.10.19"]
[SourceVersion "1"]
[SourceVersionDate "2023.10.19"]
[SourceQuality "1"]

1. d4 d5 2. c4 c6 3. Nc3 Nf6 4. e3 e6 5. Nf3 Nbd7 6. Qc2 Bb4 7. Bd3 a6 8. 0-0 dxc4 9. Bxc4 0-0 10. e4 h6 11. Bf4 b5 12. Bd3 Bb7 13. a3 Be7 14. b4 a5 15. Qb2 Nh5 16. Bd2 axb4 17. axb4 Nb6 18. Rxa8 Nxa8 19. Ra1 Nb6 20. Qb3 Qd7 21. e5 g5 22. Ne4 Nd5 23. g3 Rd8 0-1

[Event "IECG TE.2006.S.02104 email"]
[Site "IECG email"]
[Date "2007.12.03"]
[Round "1"]
[White "Rheinstaedtler, Klaus"]
[Black "Rogers, Henry"]
[Result "1-0"]
[WhiteElo "2137"]
[BlackElo "784"]
[PlyCount "69"]
[EventDate "2007.12.10"]
[EventType "tourn (corr)"]
[EventRounds "12"]
[SourceTitle "Corr 2024"]
[Source "ChessBase"]
[SourceDate "2023.10.19"]
[SourceVersion "1"]
[SourceVersionDate "2023.10.19"]
[SourceQuality "1"]

1. e4 c5 2. f4 e6 3. Nc3 a6 4. Nf3 Nc6 5. d4 cxd4 6. Nxd4 Nxd4 7. Qxd4 Ne7 8. Bd3 Nc6 9. Qf2 Bb4 10. Bd2 0-0 11. 0-0 d6 12. a3 Ba5 13. b4 Bb6 14. Be3 Bxe3 15. Qxe3 Qc7 16. Ne2 Bd7 17. c4 Rac8 18. Nc3 Ne7 19. e5 d5 20. c5 f5 21. Ne2 Rfd8 22. Nd4 Nc6 23. Nf3 Ra8 24. h3 Rac8 25. g4 fxg4 26. Bxh7+ Kxh7 27. Ng5+ Kg8 28. Qd3 Ne7 29. Qh7+ Kf8 30. hxg4 Re8 31. f5 exf5 32. Rae1 Ng8 33. gxf5 Nf6 34. Qh8+ Ng8 35. f6 1-0

[Event "IECG TE.2006.S.02104 email"]
[Site "IECG email"]
[Date "2007.12.03"]
[Round "2"]
[White "Rogers, Henry"]
[Black "Schloegl, Dietrich"]
[Result "0-1"]
[WhiteElo "784"]
[BlackElo "1721"]
[PlyCount "62"]
[EventDate "2007.12.10"]
[EventType "tourn (corr)"]
[EventRounds "12"]
[SourceTitle "Corr 2024"]
[Source "ChessBase"]
[SourceDate "2023.10.19"]
[SourceVersion "1"]
[SourceVersionDate "2023.10.19"]
[SourceQuality "1"]

1. e4 c5 2. f4 d5 3. exd5 Qxd5 4. Qf3 Nf6 5. Nc3 Qe6+ 6. Nge2 Nc6 7. Nb5 Qd7 8. Ng3 a6 9. Nc3 Qe6+ 10. Kd1 Nd4 11. Qe3 Qc6 12. Nce2 Bg4 13. h3 Bxe2+ 14. Nxe2 Nf5 15. Qf2 0-0-0 16. Ng3 e6 17. Nxf5 Ne4 18. Qe3 exf5 19. Bc4 b5 20. Bd3 c4 21. Bxe4 fxe4 22. Re1 f5 23. a4 b4 24. Qg3 h6 25. Ke2 Rg8 26. Kf1 g5 27. fxg5 Rxg5 28. Qe5 Re8 29. Qf4 Bd6 30. Qe3 Rxg2 31. h4 Rg3 0-1

[Event "IECG CP.2007.P.00062 email"]
[Site "IECG email"]
[Date "2007.10.01"]
[Round "?"]
[White "Sanjur, Reynaldo"]
[Black "Rogers, Henry"]
[Result "1-0"]
[WhiteElo "1200"]
[BlackElo "784"]
[PlyCount "41"]
[EventDate "2007.10.01"]
[EventType "tourn (corr)"]
[EventRounds "6"]
[SourceTitle "Corr 2011"]
[Source "ChessBase"]
[SourceDate "2010.08.31"]
[SourceVersion "1"]
[SourceVersionDate "2010.08.31"]
[SourceQuality "1"]

1. c4 Nf6 2. Nc3 e6 3. Nf3 Bc5 4. e4 Ng4 5. d4 Bb4 6. e5 Nc6 7. h3 Nh6 8. Bxh6 gxh6 9. Qb3 a5 10. 0-0-0 0-0 11. Ne4 Be7 12. d5 exd5 13. cxd5 Nb4 14. a3 Na6 15. d6 cxd6 16. Nxd6 Nc5 17. Qe3 Bxd6 18. Rxd6 Qc7 19. Kb1 Re8 20. Qxh6 Ne4 21. Bd3 1-0

[Event "IECG TE.2006.P.02312 email"]
[Site "IECG email"]
[Date "2006.12.20"]
[Round "?"]
[White "Mahony, Michael"]
[Black "Rogers, Henry"]
[Result "0-1"]
[WhiteElo "1996"]
[BlackElo "794"]
[PlyCount "42"]
[EventDate "2006.12.20"]
[EventType "tourn (corr)"]
[EventRounds "12"]
[SourceTitle "Corr 2024"]
[Source "ChessBase"]
[SourceDate "2023.10.19"]
[SourceVersion "1"]
[SourceVersionDate "2023.10.19"]
[SourceQuality "1"]

1. e4 c5 2. c3 e5 3. Nf3 Nc6 4. d4 exd4 5. cxd4 cxd4 6. Bc4 Bb4+ 7. Bd2 Bxd2+ 8. Nfxd2 Nf6 9. 0-0 0-0 10. Re1 Nxe4 11. Nxe4 d5 12. Bd3 dxe4 13. Bxe4 Be6 14. Qd3 h6 15. Nd2 Qd6 16. Bxc6 bxc6 17. Rac1 Rad8 18. a3 a5 19. Ne4 Qc7 20. Nc5 Bc8 21. Qc4 Qd6 0-1

[Event "IECG TE.2006.P.02313 email"]
[Site "IECG email"]
[Date "2006.12.20"]
[Round "?"]
[White "Rogers, Henry"]
[Black "O'Donnell, Kieran"]
[Result "1-0"]
[WhiteElo "794"]
[BlackElo "1465"]
[PlyCount "41"]
[EventDate "2006.12.20"]
[EventType "tourn (corr)"]
[EventRounds "12"]
[SourceTitle "Corr 2024"]
[Source "ChessBase"]
[SourceDate "2023.10.19"]
[SourceVersion "1"]
[SourceVersionDate "2023.10.19"]
[SourceQuality "1"]

1. e4 c5 2. c3 d5 3. exd5 Qxd5 4. Qf3 Qxf3 5. Nxf3 Nc6 6. Bb5 Bd7 7. 0-0 0-0-0 8. d4 cxd4 9. cxd4 Nb4 10. Bxd7+ Rxd7 11. Nc3 Nc6 12. d5 Nd8 13. Ne5 Rd6 14. Be3 b6 15. Rac1 Kb7 16. Nb5 Rxd5 17. Rc7+ Ka6 18. a4 Ka5 19. b4+ Kxb4 20. Rb1+ Ka5 21. Rxa7# 1-0

[Event "IECG TE.2006.P.02313 email"]
[Site "IECG email"]
[Date "2006.12.20"]
[Round "?"]
[White "Rogers, Henry"]
[Black "Sherwood, Russell"]
[Result "0-1"]
[WhiteElo "794"]
[BlackElo "1829"]
[PlyCount "78"]
[EventDate "2006.12.20"]
[EventType "tourn (corr)"]
[EventRounds "12"]
[SourceTitle "Corr 2024"]
[Source "ChessBase"]
[SourceDate "2023.10.19"]
[SourceVersion "1"]
[SourceVersionDate "2023.10.19"]
[SourceQuality "1"]

1. e4 c5 2. c3 Nf6 3. d3 d6 4. Nf3 Nc6 5. Na3 g6 6. h3 Bg7 7. Be2 0-0 8. 0-0 Rb8 9. c4 a6 10. Be3 Bd7 11. Qd2 b5 12. e5 Nxe5 13. Nxe5 dxe5 14. Bxc5 Be6 15. cxb5 axb5 16. Rfd1 Qc7 17. d4 Qd7 18. Qa5 Nd5 19. Bxb5 Qb7 20. Qa7 Qxa7 21. Bxa7 Rb7 22. Bc5 exd4 23. Bxd4 Bxd4 24. Rxd4 Nc7 25. Bd3 Rxb2 26. Nc4 Rb4 27. a3 Ra4 28. Rb1 Na6 29. Rb5 Kg7 30. Ra5 Rxa5 31. Nxa5 Nc5 32. Bb5 Ra8 33. Nc4 Rb8 34. Bc6 Rb3 35. Bd5 Rc3 36. Bxe6 Nxe6 37. Re4 Nc5 38. Rd4 f5 39. f4 Ne6 0-1

[Event "IECG TE.2006.S.01904"]
[Site "IECG email"]
[Date "2006.08.19"]
[Round "?"]
[White "Rogers, Henry"]
[Black "Calugaru, Viorel"]
[Result "0-1"]
[WhiteElo "800"]
[BlackElo "2133"]
[PlyCount "64"]
[EventDate "2006.08.19"]
[EventType "tourn (corr)"]
[EventRounds "2"]
[SourceTitle "Corr 2008"]
[Source "ChessBase"]
[SourceDate "2008.06.24"]
[SourceVersion "1"]
[SourceVersionDate "2008.06.24"]
[SourceQuality "1"]

1. d4 d5 2. e4 dxe4 3. Nc3 Nf6 4. Qe2 Nc6 5. Nxe4 Nxd4 6. Nxf6+ gxf6 7. Qd1 Bf5 8. Bd3 Bxd3 9. Qxd3 Qd5 10. Nf3 Nxf3+ 11. Qxf3 Qxf3 12. gxf3 Rg8 13. Bd2 0-0-0 14. 0-0-0 Rg2 15. Be3 Rxd1+ 16. Kxd1 e5 17. Ke2 f5 18. Kf1 Rg6 19. Rg1 Kd7 20. f4 Rxg1+ 21. Kxg1 e4 22. Kf1 Bg7 23. c3 Kd6 24. Ke2 Kd5 25. Kd2 a6 26. h3 c5 27. Kc2 c4 28. Kd2 Kc6 29. f3 b5 30. a3 exf3 31. Bf2 Bh6 32. Ke3 Kb6 0-1

[Event "IECG TE.2006.S.01904"]
[Site "IECG email"]
[Date "2006.08.19"]
[Round "?"]
[White "Rogers, Henry"]
[Black "Cuomo, Salvatore"]
[Result "0-1"]
[WhiteElo "800"]
[BlackElo "1729"]
[PlyCount "50"]
[EventDate "2006.08.19"]
[EventType "tourn (corr)"]
[EventRounds "2"]
[SourceTitle "Corr 2008"]
[Source "ChessBase"]
[SourceDate "2008.06.24"]
[SourceVersion "1"]
[SourceVersionDate "2008.06.24"]
[SourceQuality "1"]

1. d4 d5 2. e4 dxe4 3. Bf4 Nf6 4. Nc3 e6 5. a3 Nd5 6. Nxd5 exd5 7. Ne2 Bd6 8. Qd2 0-0 9. 0-0-0 Nc6 10. Kb1 Bg4 11. h3 Bxf4 12. Qxf4 Be6 13. g4 b5 14. Ng3 Rb8 15. f3 exf3 16. Qxf3 Qd6 17. Bd3 b4 18. a4 Nxd4 19. Bxh7+ Kxh7 20. Rxd4 c5 21. Rf4 b3 22. c3 c4 23. g5 Kg8 24. Nf5 Qd7 25. Qg4 Rbe8 0-1

[Event "IECG TE.2006.P.02211"]
[Site "IECG email"]
[Date "2006.06.19"]
[Round "?"]
[White "Rodrigues, Luis"]
[Black "Rogers, Henry"]
[Result "1-0"]
[WhiteElo "1820"]
[BlackElo "823"]
[PlyCount "57"]
[EventDate "2006.06.19"]
[EventType "tourn (corr)"]
[EventRounds "2"]
[SourceTitle "Corr 2024"]
[Source "ChessBase"]
[SourceDate "2023.10.19"]
[SourceVersion "1"]
[SourceVersionDate "2023.10.19"]
[SourceQuality "1"]

1. d4 f5 2. e4 fxe4 3. Nc3 Nf6 4. Bg5 Nc6 5. d5 Ne5 6. Qd4 Nf7 7. Nh3 c5 8. Qe3 Qc7 9. 0-0-0 d6 10. Bxf6 gxf6 11. Nxe4 Bh6 12. Bb5+ Kd8 13. Nf4 a6 14. Bd3 Rg8 15. g3 Ne5 16. Be2 Ng4 17. Bxg4 Bxg4 18. Ne6+ Bxe6 19. Qxh6 Bf5 20. Nxf6 exf6 21. Qxf6+ Qe7 22. Qxf5 Rf8 23. Qg4 Rxf2 24. Rhe1 Qf7 25. Re6 Kc7 26. Qe4 Qh5 27. Re7+ Kb6 28. Qe3 Rf3 29. Rxh7 1-0

[Event "IECG TE.2006.P.02125 email"]
[Site "IECG email"]
[Date "2006.03.17"]
[Round "2"]
[White "Nemeth, Laszlo"]
[Black "Rogers, Henry"]
[Result "0-1"]
[WhiteElo "1312"]
[BlackElo "823"]
[PlyCount "102"]
[EventDate "2006.03.17"]
[EventType "tourn (corr)"]
[EventRounds "12"]
[SourceTitle "Corr 2024"]
[Source "ChessBase"]
[SourceDate "2023.10.19"]
[SourceVersion "1"]
[SourceVersionDate "2023.10.19"]
[SourceQuality "1"]

1. e4 c5 2. f4 e6 3. Nf3 Nc6 4. Bb5 Nge7 5. 0-0 Qb6 6. Nc3 a6 7. Bxc6 Nxc6 8. Re1 Be7 9. a3 0-0 10. d3 f5 11. e5 Nd4 12. b3 Nxf3+ 13. Qxf3 d5 14. Ne2 Bd7 15. Bb2 d4 16. Qg3 Bc6 17. Red1 Qd8 18. b4 cxb4 19. axb4 Bxb4 20. Bxd4 a5 21. c3 Be7 22. Bf2 a4 23. Nd4 Bd7 24. Rdb1 Qc8 25. Qf3 Rb8 26. Be1 b5 27. Rc1 Ra8 28. Rcb1 Qc5 29. Kh1 Ra6 30. Qf2 Rc8 31. Qb2 Qd5 32. Qa2 Rc5 33. Rb2 Be8 34. Qb1 a3 35. Rba2 Rc8 36. Qb3 Qxb3 37. Nxb3 Bc6 38. Kg1 Bd5 39. Rb1 g5 40. fxg5 Bxg5 41. g3 f4 42. h4 Bh6 43. g4 f3 44. g5 Bg7 45. d4 Rf8 46. Raa1 Rf4 47. Bg3 Rg4 48. Kf2 Re4 49. Nc1 Ra5 50. Rb4 Bf8 51. Rb3 Be7 0-1

[Event "IECG TE.2006.P.02125 email"]
[Site "IECG email"]
[Date "2006.03.17"]
[Round "1"]
[White "Rogers, Henry"]
[Black "Nemeth, Laszlo"]
[Result "1-0"]
[WhiteElo "823"]
[BlackElo "1312"]
[PlyCount "95"]
[EventDate "2006.03.17"]
[EventType "tourn (corr)"]
[EventRounds "12"]
[SourceTitle "Corr 2024"]
[Source "ChessBase"]
[SourceDate "2023.10.19"]
[SourceVersion "1"]
[SourceVersionDate "2023.10.19"]
[SourceQuality "1"]

1. e4 c5 2. f4 d5 3. e5 Nc6 4. Bb5 Bd7 5. Na3 e6 6. Nf3 c4 7. Bxc6 Bxc6 8. d4 cxd3 9. Qxd3 Rc8 10. 0-0 Qb6+ 11. Nd4 Bc5 12. c3 Nh6 13. b4 Be7 14. Be3 Ng4 15. f5 Bd7 16. fxe6 fxe6 17. Rae1 Nxe3 18. Rxe3 Ba4 19. Ref3 Rf8 20. Rxf8+ Bxf8 21. Nb1 Bc2 22. Qxc2 Qxd4+ 23. Kh1 Qxe5 24. Qa4+ Rc6 25. Qxa7 Bd6 26. g3 Bc7 27. Nd2 Qxc3 28. Qxb7 Ke7 29. Qa8 Bd8 30. Qa7+ Bc7 31. Qf2 Qf6 32. Nf3 e5 33. b5 Rc3 34. Qg2 Qb6 35. a4 e4 36. Nh4 Be5 37. Qd2 Qc5 38. Nf5+ Ke8 39. Qg5 Rf3 40. Rxf3 exf3 41. Nh4 Bf6 42. Qh5+ g6 43. Qxf3 Qd4 44. a5 Bxh4 45. gxh4 Qa1+ 46. Kg2 Qb2+ 47. Kf1 Qxb5+ 48. Qe2+ 1-0

[Event "IECG TE.2005.P.02003"]
[Site "IECG email"]
[Date "2005.12.19"]
[Round "?"]
[White "Martins, Karin"]
[Black "Rogers, Henry"]
[Result "1/2-1/2"]
[WhiteElo "1463"]
[BlackElo "784"]
[PlyCount "148"]
[EventDate "2005.12.19"]
[EventType "tourn (corr)"]
[EventRounds "8"]
[SourceTitle "Corr 2008"]
[Source "ChessBase"]
[SourceDate "2008.06.24"]
[SourceVersion "1"]
[SourceVersionDate "2008.06.24"]
[SourceQuality "1"]

1. e4 e5 2. Nf3 Nc6 3. c3 Nf6 4. d4 exd4 5. e5 Ne4 6. Qe2 d5 7. exd6 f5 8. Nbd2 Qxd6 9. Nxe4 fxe4 10. Qxe4+ Qe6 11. Bd3 dxc3 12. bxc3 Qxe4+ 13. Bxe4 Be7 14. 0-0 0-0 15. Rb1 Nd8 16. Re1 Bd6 17. Ng5 h6 18. Bd5+ Kh8 19. Ne4 Bf5 20. Rb5 Bxe4 21. Bxe4 c6 22. Rb1 Bc5 23. Be3 Bxe3 24. Rxe3 Rc8 25. Bg6 c5 26. f4 b6 27. f5 Nc6 28. Re6 Na5 29. Re7 Nc6 30. Re4 Rcd8 31. g4 Nb8 32. Re7 Nc6 33. Re3 Nb8 34. h3 Rd2 35. Rbe1 Nd7 36. Re8 Kg8 37. R8e7 a5 38. h4 b5 39. Be8 Nf6 40. Bxb5 Nxg4 41. Bc4+ Kh7 42. Bf7 Rd3 43. c4 Rg3+ 44. Kh1 h5 45. a4 Nf6 46. Rc7 Rd8 47. Rxc5 Rd4 48. Kh2 Rdd3 49. Rc8 Ng4+ 50. Kh1 Rh3+ 51. Kg1 Rxh4 52. Bg8+ Kh6 53. Rc6+ Kg5 54. Bd5 Ne3 55. Rg6+ Kxf5 56. Rxg7 Nxd5 57. cxd5 Rg4+ 58. Rxg4 hxg4 59. Kg2 Rxd5 60. Rc1 Rd2+ 61. Kg3 Rd3+ 62. Kg2 Ke4 63. Re1+ Kf4 64. Rf1+ Rf3 65. Re1 g3 66. Rh1 Rf2+ 67. Kg1 Kg4 68. Rh7 Ra2 69. Rg7+ Kf4 70. Rh7 Kg5 71. Rg7+ Kf4 72. Rh7 Kg5 73. Rg7+ Kf4 74. Rh7 Kg5 1/2-1/2

[Event "IECG TE.2005.P.02003"]
[Site "IECG email"]
[Date "2005.12.19"]
[Round "?"]
[White "Rogers, Henry"]
[Black "Martins, Karin"]
[Result "0-1"]
[WhiteElo "784"]
[BlackElo "1463"]
[PlyCount "50"]
[EventDate "2005.12.19"]
[EventType "tourn (corr)"]
[EventRounds "8"]
[SourceTitle "Corr 2008"]
[Source "ChessBase"]
[SourceDate "2008.06.24"]
[SourceVersion "1"]
[SourceVersionDate "2008.06.24"]
[SourceQuality "1"]

1. e4 e5 2. Nf3 Nc6 3. c3 Nf6 4. d4 Nxe4 5. d5 Ne7 6. Nxe5 Ng6 7. Nxg6 hxg6 8. Nd2 Nf6 9. Nc4 b5 10. Ne3 b4 11. c4 Bd6 12. Bd3 Bb7 13. g3 Kf8 14. 0-0 c6 15. dxc6 dxc6 16. Re1 Qd7 17. a3 Qh3 18. Nf1 c5 19. f3 Bxg3 20. Re2 Bh4 21. Nd2 Rd8 22. Qb3 Ng4 23. Be4 Bf6 24. Nf1 Bxe4 25. Rxe4 Nxh2 0-1

[Event "IECG CP.2005.P.00117"]
[Site "IECG email"]
[Date "2005.10.01"]
[Round "?"]
[White "Rogers, Henry"]
[Black "Richkov, Sergei"]
[Result "0-1"]
[WhiteElo "784"]
[BlackElo "1869"]
[PlyCount "127"]
[EventDate "2005.10.01"]
[EventType "tourn (corr)"]
[EventRounds "6"]
[SourceTitle "Corr 2008"]
[Source "ChessBase"]
[SourceDate "2008.06.24"]
[SourceVersion "1"]
[SourceVersionDate "2008.06.24"]
[SourceQuality "1"]

1. e4 c5 2. Nc3 d6 3. Bc4 e6 4. Nf3 Nf6 5. d4 cxd4 6. Nxd4 Be7 7. 0-0 0-0 8. Qf3 Nc6 9. Nxc6 bxc6 10. Be3 d5 11. Rad1 Qc7 12. Be2 Rb8 13. Rb1 e5 14. exd5 cxd5 15. Nxd5 Nxd5 16. Qxd5 Be6 17. Qd1 Bxa2 18. Ra1 Rxb2 19. Bd3 Rd8 20. Bc1 Rb7 21. Rxa2 e4 22. Qe2 exd3 23. cxd3 a5 24. Re1 Qc6 25. Rb2 Rxb2 26. Bxb2 Bf8 27. d4 a4 28. Qd3 Rb8 29. Ba1 Qg6 30. Qxg6 fxg6 31. f3 a3 32. Kf2 Bd6 33. h3 Rc8 34. Re2 Kf7 35. Ke3 Rc1 36. Ra2 Ke6 37. Kd2 Rc8 38. Bc3 Kd5 39. Kd3 Rb8 40. Re2 Rb3 41. Re1 a2 42. Kc2 Kc4 43. Ba1 Bb4 44. Rc1 Rc3+ 45. Bxc3 Bxc3 46. d5 a1Q 47. Rxa1 Bxa1 48. d6 Kd5 49. d7 Bf6 50. Kd3 g5 51. Ke3 g6 52. f4 Ke6 53. g4 Kxd7 54. Ke4 gxf4 55. Kxf4 Ke6 56. g5 Bb2 57. h4 Bc1+ 58. Kg4 Ke5 59. h5 Ke4 60. Kh4 Kf3 61. hxg6 hxg6 62. Kh3 Bxg5 63. Kh2 Be3 64. Kh3 0-1